[Event "XXV OOM - Mistrzostwa Polski Juniorow Mlodszych - Dziewczeta do lat 12"]
[Site "Sielpia"]
[Date "1899-12-30"]
[Round "6.10"]
[White "Salamon, Julia"]
[Black "Pietryk, Joanna"]
[Result "0-1"]
[WhiteTitle "I"]
[BlackTitle "I"]
[WhiteElo "1287"]
[BlackElo "1110"]

1. d4 Nf6 2. c4 c5 3. d5 b5 4. cxb5 a6 5. e3 g6 6. Nf3 Bg7 7. Nc3 O-O 8. Bc4 d6
9. h3 Nbd7 10. O-O Nb6 11. Be2 Ne8 12. Qc2 Nc7 13. bxa6 Bxa6 14. Bxa6 Nxa6 15.
a3 Qd7 16. e4 Rfb8 17. Bd2 Nc4 18. Rab1 Rb7 19. Bc1 Rab8 20. Nd2 Nxd2 21. Bxd2
Nc7 22. Bc1 Rb3 23. Bd2 c4 24. Nd1 Nb5 25. Nc3 Nd4 26. Qd1 Rxb2 27. Rxb2 Rxb2
28. Qc1 Rb3 29. Be3 Rxc3 30. Qd2 Rd3 31. Qb4 Qb5 32. Rb1 Qxb4 33. Rxb4 h5 34.
Rxc4 Be5 35. g3 Nf3+ 36. Kg2 Nd2 37. Rc8+ Kg7 38. a4 Nb3 39. Rb8 Na5 40. Rb5 Nc4
41. a5 Nxe3+ 42. fxe3 Ra3 43. Kf3 Bc3 44. Rb7 Kf6 45. a6 Rxa6 46. Rb3 Be5 47.
Rb1 Ra3 48. Re1 g5 49. Rf1 Kg6 50. Re1 Ra2 51. Rh1 Ra1 52. Rh2 Rg1 53. Kf2 Rxg3
54. Rh1 g4 55. hxg4 Rxg4 56. Kf3 Kg5 57. Kf2 Rxe4 58. Kf3 Rg4 59. Rh3 Rg3+ 60.
Rxg3+ Bxg3 61. Kxg3 Kf5 62. Kh4 Ke4 63. Kxh5 Kxe3 64. Kg4 Ke4 0-1

[Event "XXV OOM - Mistrzostwa Polski Juniorow Mlodszych - Dziewczeta do lat 12"]
[Site "Sielpia"]
[Date "1899-12-30"]
[Round "6.11"]
[White "Mazurek, Maja"]
[Black "Staniewicz, Adrianna"]
[Result "1-0"]
[WhiteTitle "I"]
[BlackTitle "WCM"]
[WhiteElo "1283"]
[BlackElo "1086"]

1. d4 Nf6 2. c4 e6 3. Nf3 b6 4. g3 Bb7 5. Bg2 Bb4+ 6. Nbd2 O-O 7. O-O Bxd2 8. Bxd2
d6 9. Re1 c5 10. e3 Nbd7 11. b3 Qc7 12. Bc3 Rfe8 13. Qc2 h6 14. Rac1 Ne4 15. Bb2
Nef6 16. Red1 Rac8 17. Re1 Be4 18. Qd1 Bb7 19. Bh3 Qc6 20. d5 Qc7 21. Bxf6 Nxf6
22. e4 Rcd8 23. Qd3 e5 24. Nd2 Bc8 25. Bg2 a6 26. Rf1 Bd7 27. Rb1 b5 28. f3 bxc4
29. Nxc4 Bb5 30. Bh3 Rb8 31. Rfc1 Bxc4 32. Rxc4 a5 33. Qc3 Rb4 34. a3 Rxc4 35.
Qxc4 Qa7 36. Bf1 Rb8 37. Kg2 a4 38. Bd3 axb3 39. Rxb3 Rxb3 40. Qxb3 Kh7 41. a4
Qa5 42. Qb5 Qd2+ 43. Kh3 Qf2 44. Be2 g5 45. a5 h5 46. a6 g4+ 47. fxg4 hxg4+ 48.
Bxg4 Nxg4 49. Kxg4 f5+ 50. exf5 Qd4+ 51. Kh3 Qd2 52. Qd7+ Kh8 53. Qd8+ Kh7 54.
Qe7+ Kh8 55. Qf6+ Kh7 56. Qg6+ Kh8 57. f6 Qg5 58. Qxg5 c4 59. Qg7# 1-0

[Event "XXV OOM - Mistrzostwa Polski Juniorow Mlodszych - Dziewczeta do lat 12"]
[Site "Sielpia"]
[Date "1899-12-30"]
[Round "6.12"]
[White "Tokarz, Izabela"]
[Black "Pniewska, Beata"]
[Result "1-0"]
[WhiteTitle "I"]
[BlackTitle "I"]
[WhiteElo "1390"]
[BlackElo "1176"]

1. d4 Nf6 2. c4 e6 3. Nc3 Bb4 4. a3 Bxc3+ 5. bxc3 O-O 6. f3 d5 7. e3 c5 8. Bd3
Nc6 9. Ne2 b6 10. cxd5 exd5 11. O-O Re8 12. Ng3 Bb7 13. Re1 Rc8 14. Bb2 Rc7 15.
Qd2 Na5 16. Qf2 Rce7 17. dxc5 bxc5 18. c4 Qb6 19. Nf5 Re6 20. Rab1 Qc6 21. cxd5
Qxd5 22. Rbd1 Qc6 23. Bc3 Nb3 24. Bc4 Qb6 25. Bxe6 Qxe6 26. Nd6 Rb8 27. Nxb7 Rxb7
28. Qg3 h6 29. Rd6 Nh5 30. Rxe6 Nxg3 31. Re8+ Kh7 32. hxg3 Rd7 33. Rb1 Rb7 34.
f4 a5 35. f5 f6 36. Rd1 g6 37. g4 h5 38. Bxf6 Kh6 39. g5+ Kh7 40. Rh8# 1-0

[Event "XXV OOM - Mistrzostwa Polski Juniorow Mlodszych - Dziewczeta do lat 12"]
[Site "Sielpia"]
[Date "1899-12-30"]
[Round "6.14"]
[White "Palejko, Maria"]
[Black "Sliwicka, Weronika"]
[Result "1/2-1/2"]
[WhiteTitle "I"]
[BlackTitle "I"]
[WhiteElo "1238"]
[BlackElo "1161"]

1. e4 e5 2. Nf3 Nc6 3. d4 exd4 4. Nxd4 Bc5 5. Be3 Qf6 6. c3 Nge7 7. Nc2 Bxe3 8.
Nxe3 O-O 9. Be2 Rd8 10. O-O Qe5 11. Nd2 d5 12. exd5 Nxd5 13. Nxd5 Rxd5 14. Bf3
Rd8 15. Qc1 Qg5 16. Ne4 Qxc1 17. Raxc1 Be6 18. b3 Ne5 19. Ng5 Nxf3+ 20. Nxf3 c5
21. c4 f6 22. h3 Rd7 23. Rcd1 Rad8 24. Rxd7 Rxd7 25. Re1 Kf7 26. g4 a6 27. Kg2
b5 28. Rc1 bxc4 29. bxc4 g6 30. Rc3 Rb7 31. Rb3 Rb4 32. Nd2 Ra4 33. Ne4 Bxc4 34.
Rb7+ Ke6 35. Nxc5+ Kd6 36. Nxa4 Bd5+ 37. Kf1 Bxb7 38. f4 Kd5 39. Ke2 Bc6 40. Nc3+
Kd4 41. Kd2 g5 42. Ne2+ Ke4 43. f5 Bb7 44. Ng3+ Kf3 45. Nh5 Kg2 46. Nxf6 Kxh3
47. Ke3 Kg3 48. Kd4 Kf4 49. Nxh7 Bc8 50. Kd5 Bb7+ 51. Kd6 Be4 52. f6 Bg6 53. Ke6
Bb1 54. a3 Kxg4 55. Ke7 Ba2 56. f7 Bxf7 57. Kxf7 Kf4 58. Nxg5 Ke5 59. Ne6 a5 60.
Ke7 Kd5 61. Nc7+ Kc6 62. Ne6 Kb5 63. Nd4+ Ka4 64. Nc6 1/2-1/2

[Event "XXV OOM - Mistrzostwa Polski Juniorow Mlodszych - Dziewczeta do lat 12"]
[Site "Sielpia"]
[Date "1899-12-30"]
[Round "6.15"]
[White "Jedrzejewska, Zuzanna"]
[Black "Sprzeczka, Emilia"]
[Result "0-1"]
[WhiteTitle "I"]
[BlackTitle "II+"]
[WhiteElo "1236"]
[BlackElo "1109"]

1. e4 e5 2. Nf3 Nc6 3. Bb5 f5 4. d3 fxe4 5. dxe4 Nf6 6. O-O d6 7. Re1 Be7 8. h3
O-O 9. Ng5 Qe8 10. Nc3 Bd7 11. Nd5 Nxd5 12. Qxd5+ Kh8 13. Ne6 Bxe6 14. Qxe6 Rxf2
15. Bxc6 bxc6 16. Qb3 Rf6 17. Qc4 h6 18. Bd2 Qd7 19. Rad1 Raf8 20. Be3 Rg6 21.
Kh1 Rf3 22. Kh2 Rfg3 23. Re2 a5 24. Qa4 Bd8 25. Rg1 Kh7 26. Qxa5 d5 27. Qd2 d4
28. c3 Bg5 29. Bxg5 R3xg5 30. cxd4 exd4 31. Qd3 Qd6+ 32. g3 Rh5 33. Qf3 Qe5 34.
Qd3 Qe6 35. g4 Rxg4 36. Rxg4 Qxg4 37. e5+ Kh8 38. e6 Rxh3+ 39. Qxh3 Qxe2+ 40.
Kg3 d3 41. e7 Qxe7 42. Qc8+ Kh7 43. Qf5+ Kg8 44. Qxd3 Qe5+ 45. Kf3 Qxb2 46. Qd8+
Kh7 47. Qd3+ Kg8 48. Qd8+ Kf7 49. Qxc7+ Kf8 50. Qd8+ Kf7 51. Qd7+ Kg6 52. Qxc6+
Qf6+ 53. Qxf6+ Kxf6 54. a4 Ke6 55. a5 Kd6 56. a6 Kc7 57. a7 Kb7 58. Kg4 Kxa7 59.
Kh5 Kb7 60. Kg6 Kc6 61. Kh5 Kd6 62. Kg6 Ke6 63. Kh5 Kf5 64. Kh4 h5 65. Kg3 g5
66. Kf3 h4 67. Kg2 Kg4 68. Kh2 Kf3 69. Kg1 Kg3 70. Kh1 Kf2 71. Kh2 g4 72. Kh1
h3 73. Kh2 g3+ 74. Kxh3 g2 75. Kg4 g1=Q+ 76. Kf4 Qg6 77. Ke5 Ke3 78. Kd5 Qe4+
79. Kd6 Kd4 80. Kc7 Qe6 81. Kb7 Kc5 82. Kc7 Qe7+ 83. Kb8 Kb6 84. Kc8 Qe8# 0-1

[Event "XXV OOM - Mistrzostwa Polski Juniorow Mlodszych - Dziewczeta do lat 12"]
[Site "Sielpia"]
[Date "1899-12-30"]
[Round "6.16"]
[White "Pastuszko, Katarzyna"]
[Black "Rojek, Paulina"]
[Result "1-0"]
[WhiteTitle "I"]
[BlackTitle "I"]
[WhiteElo "1288"]
[BlackElo "1054"]

1. e4 c5 2. Nf3 d6 3. d4 cxd4 4. Nxd4 Nf6 5. Nc3 a6 6. Be2 e6 7. O-O Be7 8. Be3
O-O 9. Qd2 Qc7 10. Rad1 Nbd7 11. Kh1 b5 12. a3 Bb7 13. f3 Rac8 14. Qe1 d5 15.
Bd3 dxe4 16. Nxe4 Nxe4 17. fxe4 Nc5 18. Bc1 Bf6 19. c3 Bxd4 20. cxd4 Nxd3 21.
Rxd3 Bxe4 22. Bf4 Bxd3 23. Bxc7 Bxf1 24. Bd6 Rfd8 25. Bc5 Bd3 26. Qg3 Bg6 27.
h3 h6 28. Qb3 e5 29. Qe3 exd4 30. Bxd4 Re8 31. Qf3 Rc2 32. Qb7 Be4 33. Qb6 Bxg2+
34. Kh2 Bb7+ 35. Kg3 Bc8 36. Qd6 Rd2 37. Qc6 Rd3+ 38. Kf2 Rd2+ 39. Kg3 Rd8 40.
Bc3 R2d3+ 41. Kf2 Rxh3 42. Ba5 Rh2+ 43. Kg1 Bd7 44. Qd6 Rc8 45. Kxh2 Be6 46. Bc3
Re8 47. Qxa6 h5 48. Qxb5 Re7 49. Qxh5 Bc4 50. Qg5 Re2+ 51. Kg3 g6 52. Qd8+ Kh7
53. Qh8# 1-0

[Event "XXV OOM - Mistrzostwa Polski Juniorow Mlodszych - Dziewczeta do lat 12"]
[Site "Sielpia"]
[Date "1899-12-30"]
[Round "6.17"]
[White "Predkiewicz, Paulina"]
[Black "Janikowska, Wiktoria"]
[Result "0-1"]
[WhiteTitle "II+"]
[BlackTitle "I"]
[WhiteElo "1056"]
[BlackElo "1393"]

1. e4 c5 2. Nf3 e6 3. d4 cxd4 4. Nxd4 a6 5. Nc3 Qc7 6. Be3 Nf6 7. a3 b5 8. Be2
Bb7 9. Bf3 Nc6 10. Qd2 Be7 11. O-O O-O 12. Rae1 Ne5 13. Qe2 Nxf3+ 14. Qxf3 Bd6
15. h3 Nxe4 16. Nxe4 f5 17. c3 Bxe4 18. Qh5 Bd3 19. Ne2 f4 20. Qf3 fxe3 21. Qxe3
Bc4 22. Rd1 Bc5 23. Qd2 Qa7 24. Qc2 Bxf2+ 25. Kh1 Qe3 26. Rd2 Bd5 27. Nd4 Qxh3#
0-1

[Event "XXV OOM - Mistrzostwa Polski Juniorow Mlodszych - Dziewczeta do lat 12"]
[Site "Sielpia"]
[Date "1899-12-30"]
[Round "6.18"]
[White "Grembocka, Zuzanna"]
[Black "Filipiak, Magdalena"]
[Result "0-1"]
[WhiteTitle "II"]
[BlackTitle "I"]
[WhiteElo "1052"]
[BlackElo "1181"]

1. d4 d5 2. b3 e6 3. Bb2 Nf6 4. Nf3 Nc6 5. e3 Bd6 6. a3 O-O 7. c4 Ne4 8. Nc3 Nxc3
9. Bxc3 b6 10. Qc2 Bb7 11. Bd3 h6 12. Rg1 Qf6 13. e4 dxe4 14. Bxe4 Qe7 15. g4
f5 16. gxf5 exf5 17. d5 fxe4 18. Rxg7+ Qxg7 19. Bxg7 Kxg7 20. dxc6 Bxc6 21. Nd4
Bd7 22. Rd1 Bg4 23. Qb2 Kg8 24. Rd2 Bf4 25. Rc2 Be5 26. c5 Rad8 27. Ne6 Bxb2 28.
Nxd8 Rxd8 29. Rd2 Rxd2 30. Kxd2 bxc5 31. Ke3 Bf3 32. h4 Bxa3 33. h5 Kf7 34. Kd2
Bxh5 35. Ke3 Bf3 36. Kd2 h5 37. Ke1 Bc1 38. Kf1 Bf4 39. Ke1 h4 40. Kf1 h3 41.
Ke1 h2 42. Kf1 h1=R# 0-1

[Event "XXV OOM - Mistrzostwa Polski Juniorow Mlodszych - Dziewczeta do lat 12"]
[Site "Sielpia"]
[Date "1899-12-30"]
[Round "6.21"]
[White "Nowak, Zuzanna"]
[Black "Reszka, Barbara"]
[Result "1-0"]
[WhiteTitle "I"]
[BlackTitle "II"]
[WhiteElo "1081"]
[BlackElo "1157"]

1. e4 c5 2. c3 d5 3. exd5 Qxd5 4. d4 Nc6 5. Nf3 Nf6 6. Be2 cxd4 7. cxd4 Bg4 8.
Nc3 Qd8 9. Bf4 a6 10. O-O e6 11. Qd2 Bd6 12. Bg5 Be7 13. Rfd1 Nd5 14. Rac1 Nxc3
15. Rxc3 Bxg5 16. Nxg5 Bxe2 17. Nxe6 fxe6 18. Qxe2 O-O 19. Qxe6+ Kh8 20. d5 Re8
21. Qg4 Ne5 22. Qh5 Qd7 23. Rh3 g6 24. Qh6 Qg7 25. Qh4 Qe7 26. Qf4 Rf8 27. Qd4
Kg8 28. Re3 Qf6 29. Rxe5 Rad8 30. Qe3 h5 31. b3 Rc8 32. Re6 Qf5 33. Re5 Qf6 34.
Qe2 Qf7 35. h3 Rce8 36. Rxe8 Qxe8 37. Qc4 Qd7 38. d6+ Kh7 39. Qc7 Qxc7 40. dxc7
Rc8 41. Rd7+ Kh6 42. a4 Kg5 43. b4 Kf5 44. b5 axb5 45. axb5 Ke6 46. Rg7 Kd6 47.
b6 Kc6 48. Rxg6+ Kb5 49. Kh2 Ka6 50. Rd6 Kb5 51. Rd8 Rxd8 52. cxd8=Q h4 53. Qc7
Ka6 54. f4 Ka5 55. Qxb7 Ka4 56. Qd5 Ka3 57. b7 Ka4 58. b8=R Ka3 59. Qb3# 1-0

[Event "XXV OOM - Mistrzostwa Polski Juniorow Mlodszych - Dziewczeta do lat 12"]
[Site "Sielpia"]
[Date "1899-12-30"]
[Round "6.22"]
[White "Krzysztynska, Maria"]
[Black "Zapalowska, Wiktoria"]
[Result "1-0"]
[WhiteTitle "II"]
[BlackTitle "II"]
[WhiteElo "1029"]
[BlackElo "1102"]

1. d4 d5 2. Nf3 Nf6 3. Bf4 e6 4. Nc3 Nc6 5. e3 a6 6. Ne5 Bb4 7. Bd3 O-O 8. a3 Bxc3+
9. bxc3 Nxe5 10. Bxe5 b6 11. Qf3 Bd7 12. Qh3 h6 13. a4 c5 14. c4 dxc4 15. Bxc4
Re8 16. Bd3 Bc6 17. f3 Ra7 18. O-O cxd4 19. exd4 Kf8 20. g4 Ra8 21. g5 hxg5 22.
Qh8+ Ke7 23. Qxg7 Ng8 24. Bg6 Kd7 25. Bxf7 Re7 26. Rae1 Kc8 27. Bg3 Kb7 28. Rxe6
Rd7 29. Qg6 Ne7 30. Qf6 Rc8 31. Rb1 Ka7 32. c4 Rb7 33. d5 Bxa4 34. Bf2 Bd7 35.
Rexb6 Rxb6 36. Bxb6+ Qxb6+ 37. Qxb6+ Ka8 38. Qb7# 1-0

[Event "XXV OOM - Mistrzostwa Polski Juniorow Mlodszych - Dziewczeta do lat 12"]
[Site "Sielpia"]
[Date "1899-12-30"]
[Round "6.23"]
[White "Para, Aleksandra"]
[Black "Lewicka, Joanna"]
[Result "0-1"]
[WhiteTitle "II+"]
[BlackTitle "II+"]
[WhiteElo "1034"]
[BlackElo "1189"]

1. e4 e5 2. Nf3 Nc6 3. Bc4 Bc5 4. c3 Nf6 5. d3 a6 6. Bb3 Ba7 7. Nbd2 O-O 8. Nf1
d5 9. Qe2 h6 10. h3 Be6 11. Ng3 Qd6 12. O-O Rad8 13. Bc2 Rfe8 14. Nh4 b5 15. Nhf5
Bxf5 16. Nxf5 Qd7 17. Rd1 d4 18. cxd4 Nxd4 19. Nxd4 Bxd4 20. Qf3 Qe6 21. Bb3 Qb6
22. Re1 c5 23. Qe2 a5 24. Be3 a4 25. Bd1 Qd6 26. Rc1 Rd7 27. Qd2 Rc8 28. Be2 Rdd8
29. Bxd4 Qxd4 30. Qc3 Qd6 31. Red1 Rc6 32. a3 Qc7 33. Rc2 Rc8 34. Rdc1 Nd7 35.
Qd2 Nb6 36. Bg4 Rd8 37. Qe1 Rxd3 38. Be2 Rb3 39. Bd1 Nc4 40. Qe2 Rd6 41. Ra1 Rbd3
42. Qe1 Rd2 43. Rac1 Qd7 44. Be2 Rxc2 45. Rxc2 Qd8 46. Kh2 Rd4 47. Bxc4 Rxc4 48.
Rxc4 bxc4 49. Qc3 Qd4 50. f3 Kh7 51. Qc2 Kg6 52. Kg3 Qd3 53. Qc3 Kf6 54. Qa5 Qb3
55. Qd8+ Kg6 56. Qd6+ f6 57. Qd2 c3 58. Qxc3 Qxc3 59. bxc3 c4 60. f4 exf4+ 61.
Kxf4 h5 62. h4 Kf7 63. g3 Ke6 64. Kf3 Ke5 65. Ke3 g5 66. Kf3 gxh4 67. gxh4 f5
68. exf5 Kxf5 69. Kg3 Ke4 70. Kf2 Kd3 0-1

[Event "XXV OOM - Mistrzostwa Polski Juniorow Mlodszych - Dziewczeta do lat 12"]
[Site "Sielpia"]
[Date "1899-12-30"]
[Round "6.24"]
[White "Banasiak, Adrianna"]
[Black "Dallemura, Julia"]
[Result "1-0"]
[WhiteTitle "II+"]
[BlackTitle "I"]
[WhiteElo "1187"]
[BlackElo "1200"]

1. d4 d5 2. c4 e6 3. Nc3 Nf6 4. Bg5 Be7 5. cxd5 exd5 6. e3 a6 7. Nf3 Bf5 8. Qb3
b5 9. Bxf6 Bxf6 10. Qxd5 Qxd5 11. Nxd5 Bd8 12. Rc1 c6 13. Nb4 Ba5 14. a3 Bxb4+
15. axb4 f6 16. Nh4 Be6 17. Bd3 O-O 18. Nf5 Rf7 19. O-O Raa7 20. Be4 Rac7 21.
Rc3 Bd5 22. Bxd5 cxd5 23. Rfc1 Rxc3 24. Rxc3 Nd7 25. Rc8+ Rf8 26. Ne7+ Kf7 27.
Rxf8+ Kxf8 28. Nxd5 Kf7 29. Kf1 Ke6 30. Nc7+ Kd6 31. Nxa6 Nb6 32. b3 Nd5 33. Ke2
Kc6 34. Kd2 Kb6 35. Nc5 Nxb4 36. Nd3 Nd5 37. e4 Ne7 38. d5 Nc8 39. f4 Kc7 40.
Nc5 Kd6 41. Ne6 g5 42. fxg5 fxg5 43. Nxg5 h5 44. Ke3 Ke5 45. Nf3+ Kd6 46. Kd4
Ne7 47. e5+ Kd7 48. Kc5 b4 49. e6+ Kd8 50. d6 Nf5 51. e7+ Kd7 52. Ne5+ Ke8 53.
d7+ Kxe7 54. Kxb4 Ne3 55. Kc5 Nxg2 56. Kc6 Nf4 57. b4 Ne6 58. b5 1-0

[Event "XXV OOM - Mistrzostwa Polski Juniorow Mlodszych - Dziewczeta do lat 12"]
[Site "Sielpia"]
[Date "1899-12-30"]
[Round "7.1"]
[White "Szopa, Emilia"]
[Black "Bar, Klaudia"]
[Result "1-0"]
[WhiteTitle "I+"]
[BlackTitle "I"]
[WhiteElo "1470"]
[BlackElo "1449"]

1. e4 c5 2. Ne2 d6 3. d4 cxd4 4. Nxd4 Nf6 5. Nc3 g6 6. Be3 Bg7 7. f3 O-O 8. Qd2
Nc6 9. O-O-O Bd7 10. Bh6 Nxd4 11. Bxg7 Nxf3 12. gxf3 Kxg7 13. f4 Bc6 14. Bg2 Qc7
15. f5 Rab8 16. Qg5 b5 17. Rde1 a5 18. h4 h6 19. Qg3 h5 20. e5 dxe5 21. Bxc6 Qxc6
22. Qxe5 Rfc8 23. Rh2 a4 24. fxg6 fxg6 25. Qxe7+ Kh8 26. Re6 Ng8 27. Rxc6 Nxe7
28. Re6 Rc7 29. Rhe2 Nf5 30. Rxg6 Nxh4 31. Rh6+ Rh7 32. Rxh7+ Kxh7 33. Rh2 Nf5
34. Rxh5+ Kg6 35. Rh2 Kg5 36. Rd2 b4 37. Nxa4 Ra8 38. b3 Kf4 39. Kb2 Ra5 40. Rd8
Rb5 41. Rc8 Nd6 42. Rc6 Ne4 43. Rb6 Rxb6 44. Nxb6 Ke5 45. Nc4+ Kd4 46. Nb6 Nc3
47. Na4 Nb5 48. Kc1 Na3 49. Kd1 Nb1 50. Ke2 Nc3+ 51. Nxc3 Kxc3 52. Kd1 Kb2 53.
Kd2 Kxa2 54. Kd3 Kb2 55. Kc4 Kxc2 56. Kxb4 Kd3 57. Kc5 Ke4 58. b4 Ke5 59. b5 Ke6
60. Kc6 Ke7 61. Kc7 1-0

[Event "XXV OOM - Mistrzostwa Polski Juniorow Mlodszych - Dziewczeta do lat 12"]
[Site "Sielpia"]
[Date "1899-12-30"]
[Round "7.2"]
[White "Siekanska, Maria"]
[Black "Szczotka, Klara"]
[Result "0-1"]
[WhiteTitle "I+"]
[BlackTitle "I++"]
[WhiteElo "1509"]
[BlackElo "1638"]

1. d4 Nf6 2. c4 e6 3. Nc3 Bb4 4. e3 O-O 5. Bd3 b6 6. Nge2 d5 7. a3 Be7 8. O-O Bb7
9. b3 c5 10. Bb2 Nbd7 11. Ng3 Rc8 12. cxd5 Nxd5 13. Nxd5 Bxd5 14. Bc2 cxd4 15.
Bxd4 Bf6 16. Bxf6 Nxf6 17. Qe2 Rc3 18. Rac1 Qc7 19. Qd2 Rc8 20. e4 Bxb3 21. Bxb3
Rxc1 22. f3 Rxf1+ 23. Nxf1 h6 24. a4 Qc3 25. Qd1 Qb4 26. Ba2 Rc3 27. Bb1 e5 28.
Ba2 Qd4+ 0-1

[Event "XXV OOM - Mistrzostwa Polski Juniorow Mlodszych - Dziewczeta do lat 12"]
[Site "Sielpia"]
[Date "1899-12-30"]
[Round "7.3"]
[White "Seemann, Pola"]
[Black "Niedorys, Karolina"]
[Result "1-0"]
[WhiteTitle "II+"]
[BlackTitle "II"]
[WhiteElo "1229"]
[BlackElo "1129"]

1. e4 c6 2. d4 d5 3. exd5 cxd5 4. Nf3 Nc6 5. Ne5 Nxe5 6. dxe5 e6 7. Nc3 Bb4 8.
a3 Ba5 9. Bb5+ Bd7 10. Bxd7+ Qxd7 11. Bd2 Qc7 12. Qe2 O-O-O 13. O-O Bxc3 14. Bxc3
Ne7 15. Rac1 Qc4 16. Qxc4+ dxc4 17. b3 Nd5 18. Bd4 c3 19. Rfd1 Kb8 20. b4 b6 21.
Rb1 Nf4 22. Kf1 Nd5 23. Rb3 Rc8 24. Rd3 Rhd8 25. Bxc3 Nf4 26. Rxd8 Rxd8 27. Rb1
Rc8 28. Bd2 Ng6 29. c3 Kb7 30. f4 Rd8 31. Ke2 Ne7 32. g4 Nd5 33. c4 Ne7 34. Be3
Nc6 35. Rd1 Rxd1 36. Kxd1 g5 37. Ke2 gxf4 38. Bxf4 Nd4+ 39. Kd3 Nc6 40. Ke4 a6
41. Bg5 Kc7 42. Bf6 a5 43. b5 Nb8 44. Be7 Nd7 45. Bd6+ Kd8 46. Kf4 f6 47. exf6
Nxf6 48. g5 Ng8 49. c5 Kd7 50. Ke5 h6 51. g6 bxc5 52. Bxc5 h5 53. Bb6 a4 54. Ba5
Ne7 55. g7 h4 56. b6 Kc6 57. Kxe6 Ng8 58. Kf7 Nh6+ 59. Kf8 Kb5 60. b7 h3 61. b8=Q+
Kxa5 62. Qb4+ Ka6 63. Qd6+ Ka5 64. Qxh6 Kb5 65. g8=R Kc5 66. Rg5+ Kd4 67. Qh4+
Ke3 68. Rg3+ Kf2 69. Qd4+ Ke2 70. Qb2+ Kf1 71. Rc3 Ke1 72. Rc1# 1-0

[Event "XXV OOM - Mistrzostwa Polski Juniorow Mlodszych - Dziewczeta do lat 12"]
[Site "Sielpia"]
[Date "1899-12-30"]
[Round "7.4"]
[White "Pawicka, Magdalena"]
[Black "Pudelko, Magdalena"]
[Result "1-0"]
[WhiteTitle "I"]
[BlackTitle "I"]
[WhiteElo "1748"]
[BlackElo "1371"]

1. c4 c6 2. Nf3 d5 3. e3 Nf6 4. Nc3 Bg4 5. b3 Nbd7 6. Be2 e5 7. O-O Bd6 8. cxd5
cxd5 9. Nb5 Bb8 10. Ba3 a6 11. Nd6+ Bxd6 12. Bxd6 Bxf3 13. Bxf3 Qb6 14. Ba3 Nc5
15. Qc2 Ne6 16. Rac1 e4 17. Be2 d4 18. Bc4 d3 19. Qb2 Qa5 20. Bxe6 fxe6 21. Rc4
Kf7 22. Rfc1 Rhd8 23. Rc7+ Rd7 24. Rxd7+ Nxd7 25. Bd6 Qd5 26. Qa3 Kg6 27. Rc7
Ne5 28. Bf8 Kh5 29. Bxg7 b6 30. Qb2 Nf3+ 31. gxf3 Qg5+ 32. Kh1 exf3 33. Qe5 1-0

[Event "XXV OOM - Mistrzostwa Polski Juniorow Mlodszych - Dziewczeta do lat 12"]
[Site "Sielpia"]
[Date "1899-12-30"]
[Round "7.5"]
[White "Ziobrowska, Maja"]
[Black "Mazurek, Maja"]
[Result "1/2-1/2"]
[WhiteTitle "II+"]
[BlackTitle "I"]
[WhiteElo "1134"]
[BlackElo "1283"]

1. e4 d5 2. exd5 Qxd5 3. Nf3 Nf6 4. d4 c6 5. Be2 Bg4 6. O-O e6 7. c4 Qd6 8. Nc3
Nbd7 9. Be3 Qc7 10. Rc1 Bd6 11. h3 Bh5 12. d5 O-O 13. dxe6 fxe6 14. Qd2 Rad8 15.
Ng5 Bf7 16. Nxf7 Rxf7 17. Rfd1 Nc5 18. Kh1 Rfd7 19. Qc2 b6 20. b4 Nb7 21. c5 bxc5
22. Bc4 Nd5 23. Nxd5 exd5 24. bxc5 dxc4 25. cxd6 Nxd6 26. Bf4 Kh8 27. Bxd6 Rxd6
28. Rxd6 Qxd6 29. Qxc4 Qd2 30. Qc2 Qxc2 31. Rxc2 Rd6 32. g4 g6 33. Kg2 Rf6 34.
Kg3 g5 35. Rc4 Kg7 36. Ra4 Rf7 37. Rc4 Rf6 38. a4 Re6 39. f3 h6 40. Rc5 Kg6 41.
Ra5 Re7 42. Ra6 Rc7 43. h4 Kg7 44. hxg5 hxg5 45. Ra5 c5 46. Kf2 Kf6 47. Ke2 Ke5
48. Ke3 Kf6 49. Rb5 Ke6 50. Ke4 Kf6 51. Kd5 c4 52. Rb2 c3 53. Rc2 Rd7+ 54. Kc6
Rd3 55. Kb7 Rxf3 56. Kxa7 Rf4 57. a5 Rxg4 58. a6 Rb4 59. Ka8 Rb3 60. a7 g4 61.
Rg2 Kg5 62. Rxg4+ Kxg4 1/2-1/2

[Event "XXV OOM - Mistrzostwa Polski Juniorow Mlodszych - Dziewczeta do lat 12"]
[Site "Sielpia"]
[Date "1899-12-30"]
[Round "7.6"]
[White "Pietryk, Joanna"]
[Black "Nieckarz, Maja"]
[Result "1-0"]
[WhiteTitle "I"]
[BlackTitle "I"]
[WhiteElo "1110"]
[BlackElo "1248"]

1. Nf3 Nf6 2. c4 d6 3. d4 g6 4. g3 Bg7 5. Bg2 O-O 6. O-O Bd7 7. Nc3 a6 8. e4 b5
9. cxb5 Bxb5 10. Nxb5 axb5 11. Qd3 Qe8 12. e5 dxe5 13. dxe5 Qd7 14. Ne1 Qxd3 15.
Nxd3 Ra6 16. exf6 Bxf6 17. Bf4 Ra7 18. Be5 Bg5 19. f4 Bh6 20. Nb4 f6 21. Bd4 Ra4
22. Bc5 Re8 23. Nd5 Kf7 24. Nxc7 Rc8 25. Bd5+ Kf8 26. Ne6+ Kf7 27. Bb3 Rc4 28.
Bxc4 bxc4 29. Rfe1 Na6 30. Bd4 Nb4 31. Re2 Ke8 32. Nc5 Rd8 33. Bxf6 Kf7 34. Bc3
Rd5 35. Bxb4 Bg7 36. Kg2 h6 37. a4 Rd8 38. a5 Ra8 39. a6 Bd4 40. Nd7 e6 41. Bc5
Bxc5 42. Nxc5 g5 43. Rxe6 gxf4 44. a7 fxg3 45. hxg3 h5 46. Rb6 h4 47. Rb8 Rxb8
48. axb8=Q hxg3 49. Ra6 c3 50. Qb7+ Ke8 51. Ra8# 1-0

[Event "XXV OOM - Mistrzostwa Polski Juniorow Mlodszych - Dziewczeta do lat 12"]
[Site "Sielpia"]
[Date "1899-12-30"]
[Round "7.7"]
[White "Gladyszewska, Kinga"]
[Black "Tokarz, Izabela"]
[Result "0-1"]
[WhiteTitle "I"]
[BlackTitle "I"]
[WhiteElo "1261"]
[BlackElo "1390"]

1. e4 c5 2. Nf3 d6 3. d4 cxd4 4. Nxd4 Nf6 5. Nc3 g6 6. Be3 Bg7 7. f3 O-O 8. Bc4
Nc6 9. Qd2 Bd7 10. O-O-O Rc8 11. h4 Nxd4 12. Qxd4 Ng4 13. Qd3 Nxe3 14. Qxe3 Rxc4
15. Ne2 Qa5 16. Kb1 Be6 17. a3 Rfc8 18. Rc1 b5 19. h5 b4 20. hxg6 fxg6 21. Ng3
bxa3 22. bxa3 Rb4+ 23. Qb3 Bxb3 24. cxb3 Rxb3+ 25. Ka2 Qxa3# 0-1

[Event "XXV OOM - Mistrzostwa Polski Juniorow Mlodszych - Dziewczeta do lat 12"]
[Site "Sielpia"]
[Date "1899-12-30"]
[Round "7.8"]
[White "Giemza, Julia"]
[Black "Oborska, Magda"]
[Result "0-1"]
[WhiteTitle "I"]
[BlackTitle "I+"]
[WhiteElo "1244"]
[BlackElo "1339"]

1. e4 e5 2. Nc3 Nc6 3. g3 Bc5 4. Bg2 d6 5. Nge2 Nf6 6. d3 h6 7. O-O O-O 8. h3 Ne7
9. Kh2 Ng6 10. f4 exf4 11. Nxf4 Nxf4 12. gxf4 Nh7 13. f5 Qh4 14. d4 Bb6 15. Nd5
c6 16. Nxb6 axb6 17. Rf4 Qf6 18. Be3 g5 19. fxg6 Qxg6 20. Bf3 f5 21. Qe2 Kh8 22.
Rg1 Ng5 23. Rh4 Kg7 24. Rh5 f4 25. Bd2 Qe6 26. Bg4 Qg6 27. Rh4 f3 28. Qe3 f2 29.
Rf1 Bxg4 30. Rxg4 Rf3 31. Qe2 Raf8 32. h4 Rh3+ 33. Kg2 Rxh4 34. Rxh4 Nf3+ 35.
Kh3 Ng1+ 36. Kh2 Nxe2 37. Bxh6+ Kg8 38. Bxf8 Qg3+ 39. Kh1 Qxh4+ 40. Kg2 Qg3+ 41.
Kh1 Qh3# 0-1

[Event "XXV OOM - Mistrzostwa Polski Juniorow Mlodszych - Dziewczeta do lat 12"]
[Site "Sielpia"]
[Date "1899-12-30"]
[Round "7.9"]
[White "Kulczycka, Zofia"]
[Black "Grzesik, Nikola"]
[Result "1/2-1/2"]
[WhiteTitle "II+"]
[BlackTitle "I"]
[WhiteElo "1222"]
[BlackElo "1339"]

1. e4 c5 2. d4 cxd4 3. c3 dxc3 4. Nxc3 e6 5. Nf3 a6 6. Bf4 Nc6 7. Bc4 Be7 8. O-O
d6 9. Qe2 Nf6 10. Rfd1 Qc7 11. e5 dxe5 12. Nxe5 Nxe5 13. Bxe5 Qa5 14. Bd4 O-O
15. Ne4 Nxe4 16. Qxe4 Qf5 17. Qe3 Qg5 18. Qe4 Qg6 19. Qf3 e5 20. Bd3 Bg4 21. Qxb7
Qg5 22. Be3 Qf6 23. Qe4 Qg6 24. Qxa8 Rxa8 25. Bxg6 Bxd1 26. Be4 Rd8 27. Bb6 Rd2
28. Be3 Rd8 29. Bb6 Rd2 30. Be3 Rd8 1/2-1/2

[Event "XXV OOM - Mistrzostwa Polski Juniorow Mlodszych - Dziewczeta do lat 12"]
[Site "Sielpia"]
[Date "1899-12-30"]
[Round "7.10"]
[White "Sprzeczka, Emilia"]
[Black "Lazniewska, Zofia"]
[Result "1/2-1/2"]
[WhiteTitle "II+"]
[BlackTitle "I"]
[WhiteElo "1109"]
[BlackElo "1288"]

1. e4 c5 2. Nf3 Nc6 3. d4 cxd4 4. Nxd4 e5 5. Nf3 Nf6 6. Nc3 Bb4 7. Bd3 d5 8. exd5
Nxd5 9. Bd2 Nxc3 10. Bxc3 Bxc3+ 11. bxc3 O-O 12. O-O Bg4 13. Qe2 Re8 14. Rad1
Qe7 15. Rfe1 Rad8 16. Qe4 f5 17. Qc4+ Kh8 18. Be2 e4 19. Nd4 Bxe2 20. Qxe2 Qf6
21. Nxc6 Qxc6 22. Rxd8 Rxd8 23. Rd1 Rxd1+ 24. Qxd1 h6 25. Qd4 Qb5 26. Qb4 Qd5
27. Qf8+ Kh7 28. h3 Kg6 29. Qe8+ Qf7 30. Qe5 Qxa2 31. h4 Qf7 32. Qf4 Qf6 33. Kh1
Qxc3 34. h5+ Kf7 35. Qxf5+ Kg8 36. Qe6+ Kf8 37. Qd6+ Kg8 38. Qe6+ Kf8 39. Qd6+
Kf7 40. Qg6+ Ke7 41. Qxe4+ Kd6 42. Qg6+ Kc7 43. Qf7+ Kb6 44. Qe6+ Kb5 45. Qd5+
Ka6 46. Qa2+ Kb6 47. Qe6+ Qc6 48. Qe3+ Qc5 49. Qe6+ Qc6 50. Qe3+ Qc5 51. Qe6+
Qc6 1/2-1/2